000 00546nam a2200205Ia 4500
005 20250923145650.0
008 008 250917s9999 xx 000 0 eng d
037 _aTextual
040 _aDSWL
_beng
_cDSWL
041 _aeng
_2eng
084 _qDSWL
100 _aMiller, P.M.
_9837717
245 2 _aA dictionary of social science method
_c by P.M.Miller
260 _aManchister
_bJohn Wiley & Sons
_c1983
300 _aviii,124 p.
365 _aINR
_b460.22
925 _g460.22
942 _cTEXL
999 _c1454120
_d1454120